Diseño e implementación de un ecualizador paramétrico digital utilizando el DSP TMS320C50
Gorde:
| Egile nagusia: | |
|---|---|
| Formatua: | Liburua |
| Argitaratua: |
San José, C.R.
1999
|
| Gaiak: | |
| Etiketak: |
Etiketa erantsi
Etiketarik gabe, Izan zaitez lehena erregistro honi etiketa jartzen!
|
MARC
| LEADER | 00000nam a2200000Ia 4500 | ||
|---|---|---|---|
| 003 | 008647 | ||
| 005 | 20221231144219.0 | ||
| 008 | 140114s1997 cr a m 000 ||s d | ||
| 040 | |c cru CEDI | ||
| 090 | |a TFG 3964 | ||
| 100 | |a Rojas Rojas, Luis Carlos |9 8801 | ||
| 245 | |a Diseño e implementación de un ecualizador paramétrico digital utilizando el DSP TMS320C50 | ||
| 260 | |c 1999 |a San José, C.R. | ||
| 300 | |a x, 102 hojas | ||
| 500 | |a Proyecto de graduación (bachillerato en ingeniería eléctrica)--Universidad de Costa Rica. Facultad de Ingeniería. Escuela de Ingeniería Eléctrica | ||
| 650 | |x FILTROS ELECTRICOS - DISEÑO Y CONSTRUCCION |x PROCESAMIENTO DE SEÑALES |x MICROPROCESADORES |9 8802 | ||
| 942 | |c TFG | ||
| 999 | |c 18543 |d 18543 | ||
